Goleador (fútbol) - Estadísticas

Estadísticas generales
  • Esta prueba ha sido intentada 55 veces
    33 desde el último reinicio
  • La puntuación promedio es 6 de 15
Estadísticas de respuestas
#. Temporadas Partidos Goles Jugador % Correcto
2 2004-Act 1137 896 Lionel Messi
100%
1 2002-Act 1308 961 Cristiano Ronaldo
97%
4 1956-1977 812 770 Pelé
94%
7 2007-Act 1013 710 Robert Lewandowski
68%
6 1943-1967 746 760 Ferenc Puskas
61%
15 2005-Act 1030 600 Luis Suárez
58%
3 1931-1955 530 805 Josef Bican
52%
5 1985-2009 963 761 Romário
52%
11 1962-1983 728 640 Gerd Müller
39%
13 1937-1949 374 610 Fernando Peyroteo
6%
9 1946-1965 614 659 Jimmy Jones
6%
12 1926-1939 ? 634 Joe Bambrick
6%
10 1936-1963 650 645 Abe Lenstra
3%
8 1923-1951 ? 702 Erwin Helmchen
3%
14 1940-1964 970 609 Max Morlock
0%
No se encontraron pruebas coincidentes
Distribución de puntuación
Porcentaje de gente con cada puntuación
Porcentaje por número respondido
Historial de tus puntuaciones
No has intentado esta prueba desde el último reinicio